Journal of Surveying Engineering (Record no. 118605)

MARC details
000 -LEADER
fixed length control field 00644cas a22002175a 4500
001 - CONTROL NUMBER
control field L349
008 - FIXED-LENGTH DATA ELEMENTS--GENERAL INFORMATION
fixed length control field 070614c1983 xxuqr p 0 a0eng
022 1# - INTERNATIONAL STANDARD SERIAL NUMBER
International Standard Serial Number 0733-9453
035 ## - SYSTEM CONTROL NUMBER
System control number (Sirsi) u98969
041 0# - LANGUAGE CODE
Language code of text/sound track or separate title eng
110 2# - MAIN ENTRY--CORPORATE NAME
Corporate name or jurisdiction name as entry element American Society of Civil Engineers
9 (RLIN) 3104
245 ## - TITLE STATEMENT
Title Journal of Surveying Engineering
260 ## - PUBLICATION, DISTRIBUTION, ETC.
Place of publication, distribution, etc. Reston (VA)
Name of publisher, distributor, etc. American Society of Civil Engineers
Date of publication, distribution, etc. 1983-
362 0# - DATES OF PUBLICATION AND/OR SEQUENTIAL DESIGNATION
Dates of publication and/or sequential designation January 1983-
520 ## - SUMMARY, ETC.
Summary, etc. Kept for five years
554 ## -
-- Four per year
651 #4 - SUBJECT ADDED ENTRY--GEOGRAPHIC NAME
Geographic name United States
Chronological subdivision 1959-
690 ## - LOCAL SUBJECT ADDED ENTRY--TOPICAL TERM (OCLC, RLIN)
Topical term or geographic name as entry element ENVIRONMENTAL AND LAND CONSULTANCY-GEOMATICS-ENGINEERING SURVEYING
942 ## - ADDED ENTRY ELEMENTS (KOHA)
Suppress in OPAC 0
948 ## - LOCAL PROCESSING INFORMATION (OCLC); SERIES PART DESIGNATOR (RLIN)
c (OCLC) 20/01/1995
Holdings
Withdrawn status Lost status Source of classification or shelving scheme Damaged status Not for loan Home library Current library Shelving location Date acquired Total Checkouts Full call number Barcode Date last seen Price effective from Koha item type
    Dewey Decimal Classification     London London Gallery 14/06/2007   JOURNAL OF SURVEYING ENGINEERING 98969-1001 06/08/2019 06/08/2019 Journal